| Tag |
First Indicator |
Second Indicator |
Subfields |
| LEADER |
00000cam a2200000 4500 |
| 001 |
in00000061652 |
| 005 |
20151008050558.0 |
| 008 |
740719s1957 nyu b 00000 eng u |
| 010 |
|
|
|a 58002242
|
| 035 |
|
|
|a (OCoLC)00951263
|
| 035 |
|
|
|9 AAG1904AM
|
| 040 |
|
|
|c CSU
|d TXA
|d UtOrBLW
|
| 049 |
|
|
|a TXAM
|c [288914]
|
| 050 |
|
0 |
|a B3213.B84
|b C6 1957
|
| 092 |
|
|
|a 193.9
|b B9173c
|
| 100 |
1 |
|
|a Cohen, Arthur A.
|
| 245 |
1 |
0 |
|a Martin Buber.
|
| 264 |
|
1 |
|a New York :
|b Hillary House,
|c 1957.
|
| 300 |
|
|
|a 110 pages ;
|c 19 cm.
|
| 336 |
|
|
|a text
|b txt
|2 rdacontent
|
| 337 |
|
|
|a unmediated
|b n
|2 rdamedia
|
| 338 |
|
|
|a volume
|b nc
|2 rdacarrier
|
| 490 |
1 |
|
|a Studies in modern European literature and thought
|
| 504 |
|
|
|a Bibliography: pages 108-110.
|
| 600 |
1 |
0 |
|a Buber, Martin,
|d 1878-1965.
|
| 830 |
|
0 |
|a Studies in modern European literature and thought.
|
| 999 |
|
|
|a MARS
|
| 999 |
f |
f |
|s f861c984-388b-37fc-a953-2c1cefab6603
|i 97db300f-c6cc-3f73-adbe-ac1a1c15ce2c
|t 0
|
| 952 |
f |
f |
|p normal
|a Texas A&M University
|b College Station
|c Sterling C. Evans Library
|d Evans: Library Stacks
|t 0
|e B3213.B84 C6 1957
|h Library of Congress classification
|i unmediated -- volume
|m A14800544467
|
| 998 |
f |
f |
|a B3213.B84 C6 1957
|t 0
|l Evans: Library Stacks
|